What Prevents a Real Business Cycle Model from Matching the U.S. Data? : Decomposing the Labor Wedge /

I carry out a business cycle accounting exercise (Chari, Kehoe and McGrattan, 2007) on the U.S. data measured in wage units (Farmer (2010)) for the entire postwar period. In contrast to a conventional approach, this approach preserves common medium-term business cycle fluctuations in GDP, its compon...

Descripción completa

Detalles Bibliográficos
Autor principal: Plotnikov, Dmitry
Formato: Revista
Lenguaje:English
Publicado: Washington, D.C. : International Monetary Fund, 2017.
Colección:IMF Working Papers; Working Paper ; No. 2017/201
Acceso en línea:Full text available on IMF
LEADER 02203cas a2200241 a 4500
001 AALejournalIMF017906
008 230101c9999 xx r poo 0 0eng d
020 |c 5.00 USD 
020 |z 9781484318584 
022 |a 1018-5941 
040 |a BD-DhAAL  |c BD-DhAAL 
100 1 |a Plotnikov, Dmitry. 
245 1 0 |a What Prevents a Real Business Cycle Model from Matching the U.S. Data? :   |b Decomposing the Labor Wedge /  |c Dmitry Plotnikov. 
264 1 |a Washington, D.C. :  |b International Monetary Fund,  |c 2017. 
300 |a 1 online resource (35 pages) 
490 1 |a IMF Working Papers 
500 |a <strong>Off-Campus Access:</strong> No User ID or Password Required 
500 |a <strong>On-Campus Access:</strong> No User ID or Password Required 
506 |a Electronic access restricted to authorized BRAC University faculty, staff and students 
520 3 |a I carry out a business cycle accounting exercise (Chari, Kehoe and McGrattan, 2007) on the U.S. data measured in wage units (Farmer (2010)) for the entire postwar period. In contrast to a conventional approach, this approach preserves common medium-term business cycle fluctuations in GDP, its components and the unemployment rate. Additionally, it facilitates decomposition of the labor wedge into the labor supply and the labor demand wedges. Using this business cycle accounting methodology, I find that in the transformed data, most movements in GDP are accounted for by the labor supply wedge. Therefore, I reverse a key finding of the real business cycle literature which asserts that 70% or more of economic fluctuations can be explained by TFP shocks. In other words, the real business cycle model fits the data badly because the assumption that households are on their labor supply equation is flawed. This failure is masked by data that has been filtered with a conventional approach that removes fluctuations at medium frequencies. My findings are consistent with the literature on incomplete labor markets. 
538 |a Mode of access: Internet 
830 0 |a IMF Working Papers; Working Paper ;  |v No. 2017/201 
856 4 0 |z Full text available on IMF  |u http://elibrary.imf.org/view/journals/001/2017/201/001.2017.issue-201-en.xml  |z IMF e-Library